000 00509nam a2200169 i 4500
001 79221
003 ES-MaACL
005 20230906173929.0
007 t|
008 041020s1973 sp ||||1| spa d
100 1 _aHengel, Martin.
_962533
245 1 0 _aJesús y la violencia revolucionaria /
_cMartin Hengel ; [tradujo Miguel Angel Carrasco].
260 _aSalamanca :
_bSígueme,
_c1973.
300 _a105 p. ;
_c21 cm.
700 1 _aCarrasco, Miguel Angel.
_935533
852 _aES-MaACL
_jC-55502
_bR.87990
999 _c79221
_d79221